000 00304nam a22001217a 4500
008 160519b xxu||||| |||| 00| 0 eng d
020 _a9780890420621
020 _a0890420629
041 _aeng
080 _a159.9
245 _aDiagnostic and statistical mental disorders:
_cAssociation;
942 _2udc
_cBK
999 _c2244
_d2244